00555nam a2200157 a 450000500170000000800410001702000180005805000270007610000210010324500870012426000540021130000180026552000840028365000130036765000170038020140412111259.0020604s19uu xx 00 eng d a0-590-06542-4 aTR(GS 372.62bS62 1997 aSpann, Mary Beth a30 collaborative books :bfor your class to make and share! /cby mary Beth Spann. aNew York :bScholastic Professional Books,c1997. a104 p. ; ill. aEasy paterns and how-to's for creating a year's worth of Thematic Rhyming Books aThematic aRhyming book